| 000 | 01559nam a22003617a 4500 | ||
|---|---|---|---|
| 008 | 130821s2011 ck gr spa | ||
| 020 | _a9789588438733 | ||
| 040 |
_aCO-BoUCM _bspa _cJavier Garzón _dNuevo |
||
| 041 | 0 | 0 | _aspa |
| 245 | 0 | 0 |
_aDecisiones judiciales Lubanga (D.R. Congo). Vencedores de Arauca (Colombia). Akayesu (Ruanda). Menéndez (Argentina). Rio Negro (Guatemala). Comentarios. _cAndreas Forer ...[y otros autores.] ; compilado por Profis |
| 260 |
_aBogotá (Colombia) _bAlvi Impresores _c2011 |
||
| 300 | _a214 páginas | ||
| 504 | _aIncluye referencias bibliográficas | ||
| 650 |
_aDelitos contra la humanidad _vEstudio de casos _937124 |
||
| 650 |
_aDerecho internacional humanitario _vEstudio de casos _937127 |
||
| 650 |
_aDerecho procesal _xEstudio de casos _937126 |
||
| 650 |
_aDerechos humanos _vEstudio de casos _937128 |
||
| 650 | 7 |
_98543 _aAdministración de justicia _vEstudio de casos |
|
| 650 | 7 |
_aDerecho penal _vEstudio de casos _937125 |
|
| 650 | 7 |
_aJurisprudencia procesal _vEstudio de casos _937129 |
|
| 690 | _aDerecho internacional | ||
| 690 | _aDerecho penal | ||
| 690 | _aDerecho procesal | ||
| 690 | _aDerechos humanos | ||
| 700 | 1 |
_aBernal Acevedo, Gloria _936852 |
|
| 700 | 1 |
_aCortés Sánchez, Edwin Mauricio _ecompilador _936853 |
|
| 700 | 1 |
_aForer, Andreas _936851 |
|
| 700 | 1 |
_aLlanos Sarmiento, Teddy _936854 |
|
| 710 | 2 |
_93392 _aColombia _bDefensoría del Pueblo |
|
| 710 | 2 |
_aProFis _ecompilador _936855 |
|
| 942 |
_cLIBRO _a8 _e1 _mD294 _2DEWEY _h347.05 |
||
| 999 |
_c166486 _d166486 |
||